[Event "LSS BI-2010-P-00028"]
[Site "LSS email"]
[Date "2010.04.19"]
[Round "?"]
[White "Kesselmann, Bruno"]
[Black "Endean, Andrew"]
[Result "1/2-1/2"]
[WhiteElo "1027"]
[BlackElo "1615"]
[PlyCount "52"]
[EventDate "2010.04.22"]
[EventType "tourn (corr)"]
[EventRounds "10"]
[EventCountry "GER"]
[SourceTitle "Telechess CBM 141"]
[Source "ChessBase"]
[SourceDate "2011.03.17"]
[SourceVersion "1"]
[SourceVersionDate "2011.03.17"]
[SourceQuality "1"]

1. d4 d5 2. c4 e6 3. Nc3 Nf6 4. Bg5 Be7 5. Nf3 0-0 6. e3 h6 7. Bh4 b6 8. Rc1 Bb7 9. Be2 Nbd7 10. cxd5 exd5 11. 0-0 c5 12. Qa4 a6 13. dxc5 bxc5 14. Rfd1 Qb6 15. Qf4 Bd6 16. Qf5 Rfe8 17. Qc2 Rac8 18. Qd2 Be7 19. h3 Red8 20. a3 Re8 21. Bg3 Bd6 22. Bxd6 Qxd6 23. Qc2 Nb6 24. b3 Re7 25. Qb2 Qe6 26. Kh1 Ree8 1/2-1/2

[Event "LSS BI-2010-P-00028"]
[Site "LSS email"]
[Date "2010.04.19"]
[Round "?"]
[White "Udvari, Norbert"]
[Black "Kesselmann, Bruno"]
[Result "1-0"]
[WhiteElo "2007"]
[BlackElo "1057"]
[PlyCount "65"]
[EventDate "2010.04.22"]
[EventType "tourn (corr)"]
[EventRounds "10"]
[EventCountry "GER"]
[SourceTitle "Telechess CBM 141"]
[Source "ChessBase"]
[SourceDate "2011.03.17"]
[SourceVersion "1"]
[SourceVersionDate "2011.03.17"]
[SourceQuality "1"]

1. e4 c5 2. Nf3 d6 3. d4 cxd4 4. Nxd4 Nf6 5. Nc3 a6 6. Bg5 e6 7. f4 Be7 8. Qf3 Qc7 9. 0-0-0 Nbd7 10. g4 b5 11. Bxf6 Nxf6 12. g5 Nd7 13. f5 Ne5 14. Qg3 Bd7 15. Bh3 Qc8 16. Rhf1 0-0 17. Nce2 exf5 18. exf5 Kh8 19. Kb1 Ra7 20. Bg2 Rc7 21. Qh4 f6 22. g6 h6 23. Bd5 a5 24. Nf4 a4 25. Rf2 a3 26. Nde6 Bxe6 27. Nxe6 axb2 28. Nxc7 Qxc7 29. Qb4 Nc4 30. Bxc4 bxc4 31. Re2 Rc8 32. Rde1 Bf8 33. Re8 1-0

[Event "LSS SN-2009-0-00210"]
[Site "LSS email"]
[Date "2009.12.28"]
[Round "?"]
[White "Kesselmann, Bruno"]
[Black "Giovani, Massimo"]
[Result "1-0"]
[WhiteElo "1022"]
[BlackElo "1227"]
[PlyCount "27"]
[EventDate "2009.12.09"]
[EventType "tourn (corr)"]
[EventRounds "6"]
[EventCountry "GER"]
[SourceTitle "Corr 2013"]
[Source "ChessBase"]
[SourceDate "2012.11.12"]
[SourceVersion "1"]
[SourceVersionDate "2012.11.12"]
[SourceQuality "1"]
[WhiteTeam "US of America"]
[BlackTeam "US of America"]
[WhiteTeamCountry "USA"]
[BlackTeamCountry "USA"]

1. d4 d5 2. c4 e6 3. Nc3 Nf6 4. cxd5 exd5 5. Bg5 Bb4 6. Nf3 Nc6 7. e3 Bf5 8. Bb5 h6 9. Bh4 Bxc3+ 10. bxc3 Qd6 11. 0-0 a6 12. Bxc6+ Qxc6 13. Ne5 0-0 14. Nxc6 1-0

[Event "LSS OP-2009-0-01031"]
[Site "LSS email"]
[Date "2009.12.27"]
[Round "?"]
[White "Kesselmann, Bruno"]
[Black "Reede, Arvo"]
[Result "1-0"]
[WhiteElo "1022"]
[BlackElo "1414"]
[PlyCount "85"]
[EventDate "2009.12.19"]
[EventType "tourn (corr)"]
[EventRounds "4"]
[EventCountry "GER"]
[SourceTitle "Telechess CBM 147"]
[Source "ChessBase"]
[SourceDate "2012.03.16"]
[SourceVersion "1"]
[SourceVersionDate "2012.03.16"]
[SourceQuality "1"]

1. c4 c5 2. Nf3 Nc6 3. d4 cxd4 4. Nxd4 e5 5. Nb5 d6 6. e4 a6 7. N5c3 Nf6 8. Be2 Be7 9. 0-0 0-0 10. b3 Nd4 11. f4 Nxe2+ 12. Qxe2 Bg4 13. Qd3 Qc7 14. h3 Bd7 15. Be3 Bc6 16. Nd2 b5 17. cxb5 Bxb5 18. Nxb5 axb5 19. Qxb5 Rfb8 20. Qe2 Qb7 21. Qf3 Rd8 22. Kh2 h6 23. a4 Rac8 24. a5 Rc3 25. a6 Qa8 26. b4 exf4 27. Qxf4 d5 28. e5 Rxe3 29. Qxe3 Ne4 30. Nxe4 dxe4 31. b5 Bg5 32. Qb3 Rf8 33. a7 e3 34. b6 Qe4 35. b7 Qxe5+ 36. g3 Bh4 37. Rg1 Bxg3+ 38. Rxg3 e2 39. Qb4 Qxa1 40. b8Q Rxb8 41. axb8Q+ Kh7 42. Q4f4 Qb1 43. Qxb1+ 1-0

[Event "LSS OP-2009-0-01031"]
[Site "LSS email"]
[Date "2009.12.27"]
[Round "?"]
[White "Smith, Harry E"]
[Black "Kesselmann, Bruno"]
[Result "0-1"]
[WhiteElo "585"]
[BlackElo "1022"]
[PlyCount "76"]
[EventDate "2009.12.19"]
[EventType "tourn (corr)"]
[EventRounds "4"]
[EventCountry "GER"]
[SourceTitle "Telechess CBM 147"]
[Source "ChessBase"]
[SourceDate "2012.03.16"]
[SourceVersion "1"]
[SourceVersionDate "2012.03.16"]
[SourceQuality "1"]

1. e4 e5 2. Nf3 Nc6 3. g3 Nf6 4. d3 d5 5. exd5 Nxd5 6. Bg2 Bg4 7. Nc3 Bc5 8. 0-0 0-0 9. Bg5 Nxc3 10. bxc3 Bxf3 11. Bxf3 Qxg5 12. d4 exd4 13. Bxc6 bxc6 14. cxd4 Bb6 15. c4 c5 16. d5 Rfe8 17. a4 a5 18. Ra3 Rad8 19. Re1 Rxe1+ 20. Qxe1 Kf8 21. Rb3 Qe7 22. Qb1 h6 23. Re3 Qf6 24. Qb3 Re8 25. Rxe8+ Kxe8 26. Qe3+ Kd7 27. Qe2 Qa1+ 28. Kg2 Qxa4 29. Qg4+ Ke7 30. Qxg7 Qxc4 31. Qe5+ Kd8 32. Qf6+ Kc8 33. Qxf7 a4 34. Qf8+ Kb7 35. Qxh6 Qxd5+ 36. Kg1 a3 37. Qg7 Qd1+ 38. Kg2 a2 0-1